[Event "Varazdinske Toplice rapid op"]
[Site "Varazdinske Toplice"]
[Date "2024.12.26"]
[Round "4"]
[White "Biti, Filip"]
[Black "Novosel, Kristijan"]
[Result "1-0"]
[WhiteElo "1821"]
[BlackElo "1943"]
[PlyCount "116"]
[EventDate "2024.12.26"]
[EventType "swiss"]
[EventRounds "9"]
[EventCountry "CRO"]
[SourceTitle "CB02_2025"]
[SourceDate "2025.01.08"]
[SourceVersion "1"]
[SourceVersionDate "2025.01.08"]
[SourceQuality "1"]

1. e4 g6 2. d4 Bg7 3. c3 d5 4. Nd2 dxe4 5. Nxe4 Nf6 6. Nxf6+ Bxf6 7. Be3 0-0 8. Nf3 Bg4 9. h3 Bxf3 10. Qxf3 c6 11. Bd3 Nd7 12. 0-0-0 Qa5 13. Kb1 Bg7 14. h4 h5 15. g4 Nf6 16. gxh5 Nxh5 17. Rdg1 Qd5 18. Qe2 Rfd8 19. Bc4 Qe4+ 20. Bd3 Qd5 21. Ka1 b5 22. Rh2 a5 23. Rhg2 Kf8 24. Bg5 Rd7 25. Be4 Qe6 26. Qf3 Ke8 27. Bxc6 Rb8 28. Bxd7+ Kxd7 29. Qd1 Qd5 30. Rh2 e6 31. Re1 Bf6 32. Bxf6 Nxf6 33. f3 Qd6 34. Rhe2 Nh5 35. Re5 Kc6 36. Qe2 Nf6 37. Qg2 Nd5 38. Rc1 Nf4 39. Qg4 Nd3 40. Qe4+ Kd7 41. Qxd3 b4 42. c4 b3 43. c5 Qc6 44. Qe4 Qxe4 45. Rxe4 a4 46. a3 Kc6 47. d5+ Kxd5 48. Rxa4 Rc8 49. c6 f5 50. c7 e5 51. Rb4 Kd6 52. Rb8 Rxc7 53. Rxc7 Kxc7 54. Rxb3 Kc6 55. Rc3+ Kd5 56. a4 e4 57. fxe4+ fxe4 58. Rg3 Ke5 1-0

[Event "Varazdinske Toplice rapid op"]
[Site "Varazdinske Toplice"]
[Date "2024.12.26"]
[Round "5"]
[White "Mitrovic, Boris1"]
[Black "Biti, Filip"]
[Result "1-0"]
[WhiteElo "1920"]
[BlackElo "1821"]
[PlyCount "99"]
[EventDate "2024.12.26"]
[EventType "swiss"]
[EventRounds "9"]
[EventCountry "CRO"]
[SourceTitle "CB02_2025"]
[SourceDate "2025.01.08"]
[SourceVersion "1"]
[SourceVersionDate "2025.01.08"]
[SourceQuality "1"]

1. b3 e5 2. Bb2 Nc6 3. e3 d5 4. Bb5 f6 5. f4 Bd6 6. fxe5 Be7 7. exf6 Bxf6 8. Bxf6 Nxf6 9. Nf3 Bd7 10. 0-0 0-0 11. Nc3 a6 12. Be2 Kh8 13. d3 Qe7 14. Qd2 Rae8 15. Nd1 Ng4 16. e4 dxe4 17. dxe4 Qxe4 18. Ng5 Rxf1+ 19. Bxf1 Qe7 20. Bd3 Bf5 21. Nb2 Bxd3 22. Nxd3 h6 23. Re1 Qd7 24. Nf3 Rxe1+ 25. Ndxe1 Qxd2 26. Nxd2 Kg8 27. h3 Ne3 28. Kf2 Nd5 29. Ne4 Kf7 30. c4 Nf6 31. Nc5 Nd8 32. Ke3 a5 33. Ned3 b6 34. Ne5+ Ke8 35. Ncd3 Ke7 36. g4 Ke6 37. Kd4 c5+ 38. Ke3 Nf7 39. Nxf7 Kxf7 40. Kf4 Ke6 41. h4 Nd7 42. g5 h5 43. Ke4 g6 44. Nf4+ Kf7 45. Kd5 Kg7 46. Kd6 Nb8 47. Nd5 Na6 48. Kc6 b5 49. cxb5 Nb4+ 50. Nxb4 1-0

[Event "Varazdinske Toplice rapid op"]
[Site "Varazdinske Toplice"]
[Date "2024.12.26"]
[Round "7"]
[White "Sostaric, Denis"]
[Black "Biti, Filip"]
[Result "1-0"]
[WhiteElo "2179"]
[BlackElo "1821"]
[PlyCount "65"]
[EventDate "2024.12.26"]
[EventType "swiss"]
[EventRounds "9"]
[EventCountry "CRO"]
[SourceTitle "CB02_2025"]
[SourceDate "2025.01.08"]
[SourceVersion "1"]
[SourceVersionDate "2025.01.08"]
[SourceQuality "1"]

1. e4 e5 2. Nf3 Nc6 3. d4 exd4 4. Nxd4 Nf6 5. Nxc6 bxc6 6. e5 Ne4 7. Qe2 Nc5 8. b3 Be7 9. Bb2 0-0 10. Nd2 d5 11. exd6 Bxd6 12. 0-0-0 Ba6 13. Nc4 Qg5+ 14. Kb1 Rfe8 15. Qf3 Ne4 16. h4 Qh6 17. Bc1 Qe6 18. Nxd6 Bxf1 19. Nxe8 Be2 20. Qe3 Rxe8 21. Rde1 Bh5 22. f3 Ng3 23. Qxe6 Rxe6 24. Rxe6 fxe6 25. Rd1 Ne2 26. Rd8+ Kf7 27. Rd7+ Kf6 28. Bb2+ e5 29. Rxc7 Be8 30. Rxa7 h6 31. a4 Nd4 32. Bxd4 exd4 33. a5 1-0